Administración del desarrollo de la frontera norte
Na minha lista:
| Autor principal: | |
|---|---|
| Formato: | Texto |
| Publicado em: |
México D.F.:
El Colegio de México
|
| Tags: |
Adicionar Tag
Sem tags, seja o primeiro a adicionar uma tag!
|
MARC
| LEADER | 00000 a a2200000 04500 | ||
|---|---|---|---|
| 001 | 24652 | ||
| 003 | |||
| 040 | |||
| 020 | |a 968-12-0191-4 | ||
| 090 | |a 169800 | ||
| 100 | |a Ojeda, Mario | ||
| 245 | |a Administración del desarrollo de la frontera norte | ||
| 260 | |a México D.F.: |b El Colegio de México | ||
| 300 | |a 190 p. |b **no definido** |b map. | ||
| 999 | |c 1518 |d 1518 | ||



